EDUCATIONAL RESEARCH (Record no. 19901)

MARC details
000 -LEADER
fixed length control field 00240nam a22001217a 4500
003 - CONTROL NUMBER IDENTIFIER
control field SGT
082 ## - DEWEY DECIMAL CLASSIFICATION NUMBER
Item number PAN
100 ## - MAIN ENTRY--PERSONAL NAME
Personal name PANDYA, SHEFALI
245 ## - TITLE STATEMENT
Title EDUCATIONAL RESEARCH
260 ## - PUBLICATION, DISTRIBUTION, ETC. (IMPRINT)
Place of publication, distribution, etc DELHI
Name of publisher, distributor, etc APH
Year of Publication 2018
300 ## - PAGE DESCRIPTION
No. of Pages 489
942 ## - ADDED ENTRY ELEMENTS (KOHA)
Source of classification or shelving scheme Dewey Decimal Classification
Koha item type Books
Holdings
Withdrawn status Lost status Source of classification or shelving scheme Damaged status Not for loan Collection code Home library Current library Date acquired Cost, normal purchase price SGTU Bill Number Full call number Accession No. (Barcode) Date last seen Bill Date Koha item type
    Dewey Decimal Classification     EDUCATION SGT Engineering Library SGT Engineering Library 27/04/2020 395.00 SGTU 101 PAN ED4570 27/04/2020 27/04/2020 Books
    Dewey Decimal Classification     EDUCATION SGT Engineering Library SGT Engineering Library 27/04/2020 395.00 SGTU 101 PAN ED4571 27/04/2020 27/04/2020 Books